000 00880nam a22002297a 4500
999 _c15518
_d15518
003 AR-CdUCM
008 190429b ||||| |||| 00| 0 spa d
040 _aMUNICIPALIDAD PROVINCIAL DEL CUSCO
_cBIBLIOTECA MUNICIPAL DEL CUSCO
082 _aC / 985.6 /
_bP96
110 _aWaman Puma
_934618
245 _aWaman Puma :
_bRevista mensual de cultura i folclore /
260 _aCusco :
_bLa económica,
_c1942.
300 _a59 páginas ;
_c28 cm.
440 _aNúmeros
_n11-14
_934619
505 _aContenido : Con el señor alcalde de la honorable concejo provincial del Cusco -- La universidad confirió el titulo de doctor honoris causa al profesor Julio C. Tello -- Folklore peruano ...
650 _aHistoria
_9136
650 _aActualidad
_932938
650 _aCusco
_9772
700 _aNavarro del Aguila, Victor
_932360
942 _2ddc
_cPP
945 _arah
_d29/04/2019